The Revelation of St. John / (Record no. 26940)
[ view plain ]
| 000 -LEADER | |
|---|---|
| fixed length control field | 00529nam a2200157 4500 |
| 008 - FIXED-LENGTH DATA ELEMENTS--GENERAL INFORMATION | |
| fixed length control field | 060629s1940 enk 1 eng |
| 090 ## - LOCALLY ASSIGNED LC-TYPE CALL NUMBER (OCLC); LOCAL CALL NUMBER (OCLC) | |
| Classification number (OCLC) (R) ; Classification number, CALL (RLIN) (NR) | BS2825 |
| Local cutter number (OCLC) ; Book number/undivided call number, CALL (RLIN) | K53r |
| 100 1# - MAIN ENTRY--PERSONAL NAME | |
| Personal name | Kiddle, Martin |
| 245 10 - TITLE STATEMENT | |
| Title | The Revelation of St. John / |
| Statement of responsibility, etc | Martin Kiddle. |
| 260 ## - PUBLICATION, DISTRIBUTION, ETC. (IMPRINT) | |
| Place of publication, distribution, etc | London : |
| Name of publisher, distributor, etc | Hodder & Stoughton, |
| Date of publication, distribution, etc | c1940. |
| 300 ## - PHYSICAL DESCRIPTION | |
| Extent | xlix, 460 p. |
| 490 1# - SERIES STATEMENT | |
| Series statement | The Moffatt New Testament commentary |
| 504 ## - BIBLIOGRAPHY, ETC. NOTE | |
| Bibliography, etc | Includes index. |
| 630 04 - SUBJECT ADDED ENTRY--UNIFORM TITLE | |
| Uniform title | Bible. N.T. Revelation |
| General subdivision | Commentaries. |
| 951 ## - EQUIVALENCE OR CROSS-REFERENCE-GEOGRAPHIC NAME/AREA NAME [OBSOLETE] [CAN/MARC only] | |
| General subdivision | 00033102 |
| 951 ## - EQUIVALENCE OR CROSS-REFERENCE-GEOGRAPHIC NAME/AREA NAME [OBSOLETE] [CAN/MARC only] | |
| -- | 29560 |
| -- | BS2825/K53r |
| -- | 070613111559093 |
| -- | 2000-12-21 |
| -- | GC |
| Withdrawn status | Lost status | Damaged status | Not for loan | Home library | Current library | Shelving location | Date acquired | Accession number | Shelving control number | Total Checkouts | Full call number | Barcode | Date last seen | Price effective from | Koha item type |
|---|---|---|---|---|---|---|---|---|---|---|---|---|---|---|---|
| BSOP Library | BSOP Library | GC | 12/21/2000 | 29560 | 127 | BS2825/K53r | 00033102 | 02/23/2013 | 02/23/2013 | Books |
